| 000 | 00775nam a22001937a 4500 | ||
|---|---|---|---|
| 999 |
_c176119 _d176119 |
||
| 005 | 20201111123722.0 | ||
| 010 | _aUR-10924 | ||
| 020 |
_c250.00 _a9788194369936 |
||
| 035 | _aU-9480 | ||
| 037 | _bDBAD/PUB | ||
| 082 | _a070.4 | ||
| 100 | _aمنا ظر عا شق ہر گا نو ی | ||
| 245 |
_aا کيسو ی صد ی کے ہمعصر ا ر د و ر سا عيل _cمنا ظر عا شق ہر گا نو ی |
||
| 246 |
_bEkkiswin Sadi Ke Hamasar Urdu Rasael(April-2014-May-2019) (Urdu) _aby Manazir Ashiq Harganvi |
||
| 260 |
_aN.Delhi _bEducational Publishing House _c2019 ء |
||
| 270 |
_aH.O.D1/16,Ansari Road,Darya ganj, _bN.Delhi _e110002 _k45678285,23216162 _l0091-11-23211540 |
||
| 300 |
_a304 ص _c22 Cm(Hb) |
||
| 942 |
_2ddc _cUR _h070.4 _mم ن ا |
||